000 01337nam a2200253Ia 4500
999 _c51681
_d51681
001 18672
003 GE_BSU
005 20220920123516.0
008 181216s2009||||ge |||||||||||||| ||geo||
040 _cGE_BSU
041 _ageo
080 _a57 გ-69
100 _aგორაძე, რეზო
_9120
245 _aშავი ზღვის ორაგული Salmo trutta labrax Pallas : დისერტაცია /
_cრეზო გორაძე; სამეცნიერო ხელმძღვანელი თ. გოგმაჩაძე; ბათუმის შოთა რუსთაველის სახელმწიფო უნივერსიტეტი.
264 _aბათუმი,
_b
_c2009.
300 _a245 გვ. ;
_b30 სმ.
504 _aბიბლიოგრ.: გვ. 195-238
653 _aბიოლოგია
653 _aდისერტაცია
653 _aშავი ზღვის ორაგული Salmo trutta labrax Pallas.
700 _aგოგმაჩაძე, თ.
_eსამეცნიერო ხელმძღვანელი
_92676
710 _aბათუმის შოთა რუსთაველის სახელმწიფო უნივერსიტეტი
_911852
942 _cBK
_2udc